Growth, yield and flow characters and their correlations with brown bast incidence in ten Hevea clones (Record no. 60177)
[ view plain ]
| 000 -LEADER | |
|---|---|
| fixed length control field | 01488nam a2200217Ia 4500 |
| 100 ## - MAIN ENTRY--AUTHOR NAME | |
| Personal name | Premakumari D |
| 245 #0 - TITLE STATEMENT | |
| Title | Growth, yield and flow characters and their correlations with brown bast incidence in ten Hevea clones |
| 260 ## - PUBLICATION, DISTRIBUTION, ETC. (IMPRINT) | |
| Name of publisher | Indian Journal of Natural Rubber Research |
| Year of publication | 1991 |
| 300 ## - PHYSICAL DESCRIPTION | |
| Number of Pages | 107-113 |
| 520 ## - SUMMARY, ETC. | |
| Summary, etc | Ten popular clones were evaluated for growth, latex flow characters, yield and brown bast incidence. Clones differed for initial rate of flow, duration of flow, plugging index, dry rubber content, girth, total volume of latex and dry rubber yield. Girth increment on tapping and incidence of brown bast were not statistically significant. Brown bast incidence was positively correlated with total volume of latex and dry rubber yield. Positive relationships of this trait with initial rate of flow, duration of flow and dry ruber content and its negative relationships with girth increment on tapping and plugging index were not significant. It was indicated that high latex volumea at the initial years of tapping contributed to occurrence of brown bast during subsequent years. Among medium to low yielding clones more interference of other factors was apparent. |
| 650 ## - SUBJECT ADDED ENTRY--TOPICAL TERM | |
| Topical Term | Brown bast |
| 650 ## - SUBJECT ADDED ENTRY--TOPICAL TERM | |
| Topical Term | Dry rubber content |
| 650 ## - SUBJECT ADDED ENTRY--TOPICAL TERM | |
| Topical Term | Hevea brasiliensis |
| 650 ## - SUBJECT ADDED ENTRY--TOPICAL TERM | |
| Topical Term | Latex flow |
| 650 ## - SUBJECT ADDED ENTRY--TOPICAL TERM | |
| Topical Term | Yield |
| 700 ## - ADDED ENTRY--PERSONAL NAME | |
| Personal name | Marattukalam J G |
| 700 ## - ADDED ENTRY--PERSONAL NAME | |
| Personal name | Panikkar A O N |
| 700 ## - ADDED ENTRY--PERSONAL NAME | |
| Personal name | Sethuraj M R |
| 942 ## - ADDED ENTRY ELEMENTS (KOHA) | |
| Koha item type | Journals |
| Withdrawn status | Lost status | Damaged status | Not for loan | Home library | Current library | Date acquired | Serial Enumeration / chronology | Koha item type |
|---|---|---|---|---|---|---|---|---|
| Journals | RRII Library | RRII Library | 17/12/2021 | Volume 4, Issue 2 | Journals |